000 00707nam#a22002175a#4500
001 723
008 080708s2007####ag#a###g######000#0dspa#d
245 1 0 _aCon tinta y sangre :
_bCuentos policiales /
_cMinisterio de Educación, Ciencia y Tecnología de la Nación.
250 _a1ª ed.
260 _aBuenos Aires :
_bMinisterio de Educación, Ciencia y Tecnología de la Nación,
_c[2007-?]
300 _a34 p. :
_bil. ;
_c31 cm.
490 0 _aLibros ilustrados
110 2 _aMinisterio de Educación, Ciencia y Tecnología de la Nación.
080 _a82.311
084 _aC74
653 _aLiteratura policial
040 _aAR-ClEAG
_cAR-ClEAG
005 20241107184644.0
003 AR-ClEAG
942 _cBK
999 _c723
_d723
980 _62
_aEvangelina Gallicchio
_82
_gEvangelina Gallicchio